Don't Touch the Blue! Quiz Stats

 Plays Quiz Updated Dec 17, 2018

     
Support Sporcle.
Go Orange.
Score 0/18 Timer 03:00
0 Plays Today
% Correct
Yellow
90.6%
Red
90.3%
Lime
89.8%
Silver
89.1%
Honeydew
87.8%
Ivory
87.7%
Snow
87.7%
Gray
87.4%
Mint Cream
85.5%
% Correct
Sea Shell
74.8%
Dark Slate Gray
74.8%
Orchid
74.5%
Purple
69.9%
Lavender Blush
59.7%
Cyan
46.1%
Teal
36.4%
Medium Turquoise
31.5%
Aquamarine
29.1%

From the Vault

Wiki Science Picture Click II

by metashades

Science 4m
Does Wikipedia count as a peer-reviewed science journal?
Remove Ads.
Support Sporcle.
Get the best of Sporcle when you Go Orange. This ad-free experience offers more features, more stats, and more fun while also helping to support Sporcle. Thank you for becoming a member.

Show Comments

Extras

Top Quizzes Today


Score Distribution

Your Account Isn't Verified!

In order to create a playlist on Sporcle, you need to verify the email address you used during registration. Go to your Sporcle Settings to finish the process.

Report this User

Report this user for behavior that violates our Community Guidelines.

Details: